000 00542nam a2200169 a 4500
001 000042526
005 20201002040219.0
008 131210s1995 sp 001 0 spa d
020 _a8423977307
040 _aDO-SdBNP
_bspa
_cBNPHU
100 1 _aArmas Marcelo, J. J.
_969743
245 1 4 _aLos años que fuimos Marilyn. /
_cJ. J. Armas Marcelo.
260 _aMadrid, :
_bEspasa Calpe,
_c1995.
300 _a302 p. ;
_c21 cm.
500 _aIncluye índice onomástico
500 _aIncluye datos biografícos del autor en la solapa de la portada
999 _c42015
_d42015